| 000 | 01316cam a2200385 a 4500 | ||
|---|---|---|---|
| 001 | 9825887 | ||
| 003 | USPCAS-E | ||
| 005 | 20180118181411.0 | ||
| 006 | m d | ||
| 007 | cr n | ||
| 008 | 111018s2012 gw ad sb 001 0 eng d | ||
| 020 | _z9783527408474 | ||
| 020 | _a9783527639687 (ebook) | ||
| 035 | _a(WaSeSS)ssj0000688801 | ||
| 040 |
_aCaPaEBR _cCaPaEBR _dWaSeSS |
||
| 050 | 4 |
_aQC793.5.E62 _bZ43 2012eb |
|
| 050 | 4 | _aQC793.2 | |
| 082 | 0 | 4 |
_a539.72 _223 _bZHA-E 2012 |
| 100 | 1 | _aZharkova, Valentina. | |
| 210 | 1 | 0 | _aElectron and proton kinetics and dynamics in flaring atmospheres |
| 245 | 1 | 0 |
_aElectron and proton kinetics and dynamics in flaring atmospheres _h[electronic resource] / _cValentina Zharkova. |
| 260 |
_aWeinheim : _bWiley-VCH, _c2012. |
||
| 502 | _a0 | ||
| 504 | _aIncludes bibliographical references and index. | ||
| 506 | _aLicense restrictions may limit access. | ||
| 650 | 0 | _aElectrons. | |
| 650 | 0 | _aProtons. | |
| 650 | 0 | _aAtmospheric physics. | |
| 655 | 7 |
_aElectronic books. _2local |
|
| 710 | 2 | _aebrary, Inc. | |
| 773 | 0 | _tWiley-Blackwell Online Books | |
| 856 | 4 | 0 |
_uhttp://www.columbia.edu/cgi-bin/cul/resolve?clio9825887 _zFull text available from Wiley-Blackwell Online Books |
| 910 | _aVendor-generated brief record | ||
| 942 |
_2ddc _cBK |
||
| 999 |
_c355715 _d355715 |
||